03634nam a2200577Ia 45000010005000000080041000050100009000460410014000550820015000692450262000842600013003463000008003595200006003676300028003736300023004016300016004246300022004406300030004626500032004926900014005247000032005387000030005707000033006007000025006339010097006589020006007559030040007619040018008019050024008199060006008439070014008499080014008639090062008779100015009399110010009549120014009649130009009789140023009879150019010109160009010299170009010389180014010479190030010615201906010919210007029979220007030049230006030119240014030179420010030319990015030414280241029s9999 xx 000 0 und d a4025 aEspañol aMEI-14-003 0aIncidencia de la expresión musical en el desarrollo de las competencias curriculares del Nivel Inicial en los niños de pre-primario, Tanda Vespertina del Centro Educativo Herminia Pérez, Distrito Educativo 08-03, Santiago, Período escolar 2013-2014. aSantiago a127 a5 aActitud de los Docentes aActores Educativos aAprendizaje aCalidad Educativa aEstrategias Pedagógicas aCompetencia Lingüística aElaborado easesora Jiminián, Yanet  eautoraMedrano, Tomasina  eautora Rodríguez, Yngris  eautoraCruz, Huendy  a{"1":"Medrano","2":" Rodríguez","3":"Cruz"}b{"1":"Tomasina ","2":"Yngris ","3":"Huendy "} a1 a{"1":" Jiminián"}b{"1":"Yanet "} aMagíster en aEducación Inicial a2 aNO APLICA aNO APLICA aUniversidad Abierta para Adultos (UAPA), Recinto Santiago aNULLbNULL a["1"] aNO APLICA aNULL a15 de Mayo de 2014 a03/07/15 08:07 aNULL aNULL aNO APLICA a["4","7","18","29","245"] aEl estudio planteó como objetivo general determinar la incidencia de la expresión musical en el desarrollo de las competencias curriculares del Nivel Inicial en los niños de pre-primario B y D vespertino del Centro Educativo Herminia Pérez, Distrito Educativo 08-03, Santiago. Período escolar 2013-2014.Esta fue una investigación bibliográfica, de campo y descriptiva. Entre las técnicas utilizadas está la encuesta, y la investigación bibliográfica, el análisis de contenido y el fichaje. Empleando el método  el deductivo.El universo de la investigación estuvo compuesto por los 30 niños de pre-primario del Centro Educativo Herminia Pérez, los cuales están conformados por las secciones de la tarda vespertina, de acuerdo a los registros del Distrito Educativo 08-03, de la ciudad de Santiago. Además dos docentes y una coordinadora.Los resultados confirmaron que el 100% del equipo docente del Tercer Ciclo del Nivel Inicial posee el grado académico de licenciatura. También, el 50 % de las encuestadas han realizado una especialidad en el Desarrollo integral del niño, y en el Desarrollo de competencias Educativas.Se evidenció que hubo coincidencia en un 100% entre las docentes, coordinadora y niños, ya que todos estuvieron de acuerdo en afirmar que entre las dimensiones que se trabajan en el Nivel inicial para fortalecer la Expresión Musical están: la Dimensión cognitiva, la motriz, la del lenguaje y la socioemocional.El estudio recomendó a las Autoridades del Distrito Educativo 08-03, Ofrecer a las docentes que laboran en el Tercer Ciclo del Nivel Inicial cursos talleres relacionados con la Expresión Musical en el desarrollo de las competencias curriculares para que estas continúen mejorando la calidad de la educación que ofrecen a los niños de este nivel.Para visualizar este estudio en su totalidad haga click aquí a11 a11 a0 aNO APLICA cTesis c4025d4025